| Tag |
First Indicator |
Second Indicator |
Subfields |
| LEADER |
00000cam a2200000Ii 4500 |
| 001 |
in00002208513 |
| 005 |
20151104090035.0 |
| 008 |
760225s1950 enk 000 1 eng d |
| 015 |
|
|
|a GB50-9533
|
| 029 |
1 |
|
|a UKM
|b b5009533
|
| 029 |
1 |
|
|a NLGGC
|b 053176510
|
| 035 |
|
|
|a (OCoLC)ocm02011988
|
| 040 |
|
|
|a EXG
|c EXG
|d OCL
|d UKM
|d OCLCQ
|d NLGGC
|d TXA
|d UtOrBLW
|
| 049 |
|
|
|a TXAM
|
| 082 |
0 |
4 |
|a 823.91
|2 18
|
| 084 |
|
|
|a 18.05
|2 bcl
|
| 090 |
|
|
|a PR6031.O873
|b M7 1950
|
| 100 |
1 |
|
|a Powys, Theodore Francis,
|d 1875-1953.
|
| 245 |
1 |
0 |
|a Mr. Weston's good wine /
|c T.F. Powys.
|
| 264 |
|
1 |
|a London :
|b Chatto and Windus,
|c 1950.
|
| 300 |
|
|
|a 315 pages ;
|c 19 cm.
|
| 336 |
|
|
|a text
|b txt
|2 rdacontent
|
| 337 |
|
|
|a unmediated
|b n
|2 rdamedia
|
| 338 |
|
|
|a volume
|b nc
|2 rdacarrier
|
| 490 |
0 |
|
|a The new Phoenix library ;
|v 3
|
| 994 |
|
|
|a C0
|b TXA
|
| 948 |
|
|
|a cataloged
|b h
|c 2006/11/28
|d c
|e tmweaver
|f 10:59:49 am
|
| 999 |
|
|
|a MARS
|
| 999 |
f |
f |
|s af3397de-36a6-30f5-ae26-0dc2a7c32cf1
|i 71c75b86-db37-3ac4-ad29-61a4aa3ac5e8
|t 0
|
| 952 |
f |
f |
|p noncirc
|a Texas A&M University
|b College Station
|c Cushing Memorial Library & Archives
|d Cushing: Literature/Mitchell (Does not check out)
|t 0
|e PR6031.O873 M7 1950
|h Library of Congress classification
|i unmediated -- volume
|
| 952 |
f |
f |
|p noncirc
|a Texas A&M University
|b College Station
|c Cushing Memorial Library & Archives
|d Cushing: Literature/Mitchell (Does not check out)
|t 0
|e PR6031.O873 M7 1950
|h Library of Congress classification
|i unmediated -- volume
|
| 998 |
f |
f |
|a PR6031.O873 M7 1950
|t 0
|l Cushing: Literature/Mitchell (Does not check out)
|
| 998 |
f |
f |
|a PR6031.O873 M7 1950
|t 0
|l Cushing: Literature/Mitchell (Does not check out)
|